| 000 | 00757cam a2200229 a 4500 | ||
|---|---|---|---|
| 001 | 2371009 | ||
| 005 | 20180123034912.0 | ||
| 008 | 841221s1984 dcua b 000 0 eng | ||
| 010 | _a 84073551 | ||
| 020 |
_a0913317152 (pbk.) : _c$7.50 |
||
| 040 |
_aDLC _cDLC _dDLC |
||
| 041 | _aeng | ||
| 043 | _an-us--- | ||
| 080 | _a338.4762138170973 JOH | ||
| 082 | 0 | 0 |
_a338.4762138170973 JOH _219 |
| 100 | 1 | _a52 | |
| 101 | _aEKO | ||
| 245 | 1 | 4 |
_aThe high-technology connection : _cby Lynn G. Johnson ; prepared by ERIC Clearinghouse on Higher Education, the George Washington University. |
| 504 | _aBibliography: p. 101-112. | ||
| 906 |
_a7 _bcbc _corignew _d3 _eopcn _f19 _gy-gencatlg |
||
| 942 |
_2ddc _cBK |
||
| 999 |
_c40717 _d40717 |
||